00320cam a22000977a 4500008003600000082001900036245006500055260003500120500003400155700003300189180718b xxu||||| |||| 00| 0 eng d aYA5375x54 In2e aNational electronics policycby Lok Sabha Secretariat, India aDelhibLok Sabha Secretariatc aContents : Library 1985, 1988 aIndia. Lok Sabha Secretariat